<?xml version="1.0" encoding="UTF-8"?>
<collection xmlns="http://www.loc.gov/MARC21/slim">
    <record>
        <controlfield tag="001">12728</controlfield>
        <controlfield tag="005">20170831220516.0</controlfield>
        <datafield tag="037" ind1=" " ind2=" ">
            <subfield code="a">TAZ-TFM-2013-998</subfield>
        </datafield>
        <datafield tag="041" ind1=" " ind2=" ">
            <subfield code="a">spa</subfield>
        </datafield>
        <datafield tag="100" ind1="1" ind2=" ">
            <subfield code="a">Hristova Rumenova, Irina</subfield>
        </datafield>
        <datafield tag="245" ind1="0" ind2="0">
            <subfield code="a">Traducción de entradas de blog en una página especializada de cirugía estética</subfield>
        </datafield>
        <datafield tag="260" ind1=" " ind2=" ">
            <subfield code="a">Zaragoza</subfield>
            <subfield code="b">Universidad de Zaragoza</subfield>
            <subfield code="c">2013</subfield>
        </datafield>
        <datafield tag="506" ind1=" " ind2=" ">
            <subfield code="a">by-nc-sa</subfield>
            <subfield code="b">Creative Commons</subfield>
            <subfield code="c">3.0</subfield>
            <subfield code="u">http://creativecommons.org/licenses/by-nc-sa/3.0/</subfield>
        </datafield>
        <datafield tag="520" ind1=" " ind2=" ">
            <subfield code="a">El presente Trabajo de Fin  de Máster (TFM) se centra en la traducción de  entradas de  blog en la página de la clínica estadounidense de cirugía estética “Patti Flint” (http://www.pattiflintmd.com/). Con el presente trabajo se pretende poner en práctica las  competencias y los conocimientos adquiridos  en todo el Máster y especialmente en las asignaturas de Metodología de la traducción, Traducción de textos biomédicos  y Técnicas de expresión escrita  en español. Así mismo con este TFM se finalizan los estudios del Máster en Traducción de Textos Especializados de la Universidad de Zaragoza. Con el fin de atenerme a los requisitos de realización de un TFM en el Máster en Traducción, realicé una traducción del inglés al español.  Junto a la traducción, redacté un plan de documentación, realicé un análisis del género, de las características de la divulgación biomédica, de los factores intra y extratextuales que influyen en el proceso de traducción, así como de los problemas y las estrategias  utilizadas en mi traducción. Para completar detalladamente el presente trabajo, también incorporé unas cortas conclusiones, un glosario de los términos que presentaban mayor dificultad en el encargo de traducción   y  las referencias bibliográficas utilizadas. Con este TFM me he enfrentado a un encargo potencialmente real que amplia mi experiencia como traductora.</subfield>
        </datafield>
        <datafield tag="521" ind1=" " ind2=" ">
            <subfield code="a">Máster Universitario en Traducción de Textos Especializados</subfield>
        </datafield>
        <datafield tag="540" ind1=" " ind2=" ">
            <subfield code="a">Derechos regulados por licencia Creative Commons</subfield>
        </datafield>
        <datafield tag="653" ind1="1" ind2=" ">
            <subfield code="a">traducción de unas entradas del blog de la clínica "patti flint"</subfield>
        </datafield>
        <datafield tag="700" ind1=" " ind2=" ">
            <subfield code="a">Lorés Sanz, Rosa</subfield>
            <subfield code="e">dir.</subfield>
        </datafield>
        <datafield tag="710" ind1="2" ind2=" ">
            <subfield code="a">Universidad de Zaragoza</subfield>
            <subfield code="b">Filología Inglesa y Alemana</subfield>
            <subfield code="c">Filología Inglesa</subfield>
        </datafield>
        <datafield tag="856" ind1="0" ind2=" ">
            <subfield code="f">669000@celes.unizar.es</subfield>
        </datafield>
        <datafield tag="856" ind1="4" ind2=" ">
            <subfield code="s">1936887</subfield>
            <subfield code="u">http://zaguan.unizar.es/record/12728/files/TAZ-TFM-2013-998.pdf</subfield>
            <subfield code="y">Memoria (spa)</subfield>
        </datafield>
        <datafield tag="909" ind1="C" ind2="O">
            <subfield code="o">oai:zaguan.unizar.es:12728</subfield>
            <subfield code="p">driver</subfield>
            <subfield code="p">trabajos-fin-master</subfield>
        </datafield>
        <datafield tag="950" ind1=" " ind2=" ">
            <subfield code="a"></subfield>
        </datafield>
        <datafield tag="980" ind1=" " ind2=" ">
            <subfield code="a">TAZ</subfield>
            <subfield code="b">TFM</subfield>
            <subfield code="c">FFYL</subfield>
        </datafield>
    </record>

    
</collection>